<?xml version="1.0" encoding="UTF-8"?>
<record
    xmlns:xsi="http://www.w3.org/2001/XMLSchema-instance"
    xsi:schemaLocation="http://www.loc.gov/MARC21/slim http://www.loc.gov/standards/marcxml/schema/MARC21slim.xsd"
    xmlns="http://www.loc.gov/MARC21/slim">

  <leader>01296nab a2200217 i 4500</leader>
  <controlfield tag="001">BPP</controlfield>
  <controlfield tag="003">BPK</controlfield>
  <controlfield tag="005">20140322170501.0</controlfield>
  <controlfield tag="008">140322s2009    pl     f     |000 0 pol</controlfield>
  <datafield tag="040" ind1=" " ind2=" ">
    <subfield code="c">BPK</subfield>
  </datafield>
  <datafield tag="080" ind1=" " ind2=" ">
    <subfield code="a">621.5/.6</subfield>
  </datafield>
  <datafield tag="100" ind1=" " ind2=" ">
    <subfield code="a">BOHDAL, Tadeusz.</subfield>
    <subfield code="d">1996 -  .</subfield>
    <subfield code="b">Politechnika Koszali&#x144;ska - Wydzia&#x142; Mechaniczny,</subfield>
    <subfield code="c">Katedra Techniki Cieplnej i Ch&#x142;odnictwa</subfield>
  </datafield>
  <datafield tag="245" ind1=" " ind2=" ">
    <subfield code="a">Badanie przemieszczania si&#x119; zaburze&#x144; w skraplaj&#x105;cym si&#x119; czynniku ch&#x142;odniczym /</subfield>
    <subfield code="c">Tadeusz Bohdal.</subfield>
  </datafield>
  <datafield tag="260" ind1=" " ind2=" ">
    <subfield code="c">2009.</subfield>
  </datafield>
  <datafield tag="500" ind1=" " ind2=" ">
    <subfield code="a">Dane z autopsji.</subfield>
  </datafield>
  <datafield tag="520" ind1=" " ind2=" ">
    <subfield code="a">Przeprowadzono badania eksperymentalne przemieszczania si&#x119; zaburze&#x144; w skraplaj&#x105;cym si&#x119; czynniku ch&#x142;odniczym R404A. Podczas bada&#x144; na stanowisku pomiarowym w skraplaczu ch&#x142;odzonym powietrzem wywo&#x142;ywano skokow&#x105; zmian&#x119; ci&#x15B;nienia. Wzrost ci&#x15B;nienia w kanale rurowym skraplacza powodowa&#x142; rozw&#xF3;j skraplania czynnika ch&#x142;odniczego a spadek ci&#x15B;nienia jego zanik. Stwierdzono, &#x17C;e zjawisko ma charakter falowy. Wprowadzone zaburzenie przemieszcza&#x142;o si&#x119; ze sko&#x144;czon&#x105; pr&#x119;dko&#x15B;ci&#x105; zale&#x17C;n&#x105; od parametr&#xF3;w o&#x15B;rodka dwufazowego w postaci fali ci&#x15B;nieniowej i temperaturowej.</subfield>
  </datafield>
  <datafield tag="650" ind1=" " ind2="0">
    <subfield code="a">Czynniki ch&#x142;odnicze.</subfield>
  </datafield>
  <datafield tag="650" ind1=" " ind2="0">
    <subfield code="a">Skraplanie.</subfield>
  </datafield>
  <datafield tag="773" ind1=" " ind2=" ">
    <subfield code="i">W :</subfield>
    <subfield code="t">Pomiary Automatyka Kontrola. -</subfield>
    <subfield code="g">2009, nr 4, s. 236-242</subfield>
  </datafield>
  <datafield tag="942" ind1=" " ind2=" ">
    <subfield code="c">ART</subfield>
    <subfield code="2">UKD</subfield>
  </datafield>
  <datafield tag="999" ind1=" " ind2=" ">
    <subfield code="c">3000</subfield>
    <subfield code="d">3000</subfield>
  </datafield>
  <datafield tag="952" ind1=" " ind2=" ">
    <subfield code="0">0</subfield>
    <subfield code="1">0</subfield>
    <subfield code="4">0</subfield>
    <subfield code="7">0</subfield>
    <subfield code="a">BPK</subfield>
    <subfield code="b">BPK</subfield>
    <subfield code="o">0275</subfield>
    <subfield code="y">ART</subfield>
  </datafield>
</record>
